| 000 | 02341nam0a2200457 4500 | ||
|---|---|---|---|
| 001 | RU\NLR\bibl\138483 | ||
| 005 | 20250618043901.0 | ||
| 010 |
_a5-86773-136-7 _bВ пер. _dБ. ц. _95000 |
||
| 020 |
_aRU _b98-34588 _9Книжная летопись |
||
| 021 |
_aRU _b98-27244 _91300 |
||
| 035 | _a(NLR Aleph) 000135645 | ||
| 090 |
_a775457 _c775457 |
||
| 100 | _a20000410d1997 |||y0rusy50 ca | ||
| 101 | 1 |
_arus _ceng |
|
| 102 |
_aRU _aLT |
||
| 105 | _aa ||||||||| | ||
| 200 | 1 |
_aОсвобождение от боли _eПолн. рук. по лечению артрита, пояснич. болей и спортив. травм с помощью правил. питания и пищевых добавок _fЛ. Буччи _g[Пер. с англ. Г. Фаизовой _gАвт. предисл. Л. У. Бейдер] |
|
| 210 |
_aМ. _cПолина М. _aВильнюс _cPolina _d1997 |
||
| 215 |
_a299 с. _d21 |
||
| 300 | _aЗагл. и авт. ориг.: Pain free | ||
| 454 | 0 |
_12001#$aPain free$eThe definite guide to healing arthritis. Low-back pain, a. sports injuries through nutrition a. suppl.$fLuke Bucci _tPain free |
|
| 606 | 0 |
_aАртриты _jРуководства, пособия и т.п. _xЛечебное питание _92070522 _3RU\NLR\auth\661245243 |
|
| 606 | 0 |
_aСпортивные травмы _jРуководства, пособия и т.п. _xЛечебное питание _92197264 _3RU\NLR\auth\661320532 |
|
| 606 | 0 |
_aПоясничная область _jРуководства, пособия и т.п. _xБоли _xЛечебное питание _92197262 _3RU\NLR\auth\661320531 |
|
| 606 | 0 |
_aБоль _jРуководства, пособия и т.п. _xТерапия _91164412 _3RU\NLR\auth\66148609 |
|
| 610 | 0 | _aАртриты - Лечение диетой | |
| 610 | 0 | _aРадикулит пояснично-крестцовый - Лечение диетой | |
| 675 |
_a616.72-009.7-085.874.2 _v3 _zrus |
||
| 686 |
_a76.29 _2rugasnti |
||
| 686 |
_a54.18 _2rubbk |
||
| 686 | _aР418.12-51я7 | ||
| 686 | _aР341.235-51я7 | ||
| 686 | _aР458.1-51я7 | ||
| 700 | 1 |
_aБуччи _gЛьюк _4070 |
|
| 801 | 0 |
_aRU _bRKP _c20000410 _gPSBO |
|
| 801 | 1 |
_aRU _bRKP _c20000410 |
|
| 801 | 2 |
_aRU _bNLR _c20010319 _grcr |
|
| 852 |
_aNLR _j99-3/17644 |
||
| 942 | _cBOOK | ||
| 980 | _aNB | ||